Využitie výpočtovej inteligencie pre úlohy kontroly kvality
Saved in:
| Main Author: | |
|---|---|
| Other Authors: | |
| Format: | Manuscript Book |
| Language: | Slovak |
| Published: |
2025
|
| Subjects: | |
| Online Access: | http://is.stuba.sk/zp/portal_zp.pl?podrobnosti=185721 |
| Tags: |
No Tags, Be the first to tag this record!
|
MARC
| LEADER | 00000ntm a22000003a 4500 | ||
|---|---|---|---|
| 001 | stuzp103906 | ||
| 003 | SK-STU | ||
| 005 | 20250614212335.2 | ||
| 007 | ta | ||
| 008 | 150427s2015----xo-----f-mn---000-0-slo-d | ||
| 040 | |a STU |b slo | ||
| 041 | 0 | |a slo | |
| 100 | 1 | |a Farkašová, Eunika |u 030400 |4 aut |U FEI Fakulta elektrotechniky a informatiky |T FEI Ústav automobilovej mechatroniky |X 104450 |U E400 |Y 642 |7 104450 | |
| 242 | 0 | 1 | |a Using computational intelligence for quality control tasks |y eng |
| 245 | 1 | 0 | |a Využitie výpočtovej inteligencie pre úlohy kontroly kvality |
| 260 | |c 2025 | ||
| 650 | 4 | |a machine vision |2 eng | |
| 650 | 4 | |a industrial camera |2 eng | |
| 650 | 4 | |a Cognex In-Sight 2800 Mini |2 eng | |
| 650 | 4 | |a EasyBuilder |2 eng | |
| 650 | 4 | |a smart camera |2 eng | |
| 650 | 4 | |a smart kamera |2 slo | |
| 650 | 4 | |a Cognex In-Sight 2800 Mini |2 slo | |
| 650 | 4 | |a EasyBuilder |2 slo | |
| 650 | 4 | |a priemyselná kamera |2 slo | |
| 650 | 4 | |a strojové videnie |2 slo | |
| 700 | 1 | |a Haffner, Oto |u 030400 |k Z1 |4 ths |U FEI Fakulta elektrotechniky a informatiky |T FEI Ústav automobilovej mechatroniky |X 56107 |U E400 |Y 642 |7 A000056107 | |
| 856 | 4 | |u http://is.stuba.sk/zp/portal_zp.pl?podrobnosti=185721 | |